UBT Library

Scientology the Fundamentals of Thought (Record no. 60968)

000 -LEADER
fixed length control field 00319nam a22001337a 4500
008 - FIXED-LENGTH DATA ELEMENTS--GENERAL INFORMATION
fixed length control field 260414b ||||| |||| 00| 0 eng d
020 ## - INTERNATIONAL STANDARD BOOK NUMBER
International Standard Book Number 9788779897700
041 ## - LANGUAGE CODE
Language code of text/sound track or separate title eng
080 ## - UNIVERSAL DECIMAL CLASSIFICATION NUMBER
Universal Decimal Classification number 1.1
100 ## - Rafti
Rafti 30
101 ## - Shkurtesa
Shkurtesa psikologji
245 ## - TITLE STATEMENT
Title Scientology the Fundamentals of Thought
Statement of responsibility, etc L.Ron Hubbard
942 ## - ADDED ENTRY ELEMENTS (KOHA)
Source of classification or shelving scheme
Item type Books
Holdings
Withdrawn status Lost status Source of classification or shelving scheme Damaged status Not for loan Collection code Permanent location Current location Date acquired Total Checkouts Barcode Date last seen Price effective from Koha item type
          Koleksioni i përgjithshem UBT - Lipjan UBT - Lipjan 04/14/2026   003-800070999635 04/14/2026 04/14/2026 Books
UBT Library © 2015-2024. All rights reserved University Education for Business and Technology